[Event "Buenos Aires Tigre op"]
[Site "Buenos Aires"]
[Date "2024.09.13"]
[Round "7"]
[White "Bulettini, Julian Tobias"]
[Black "Mendez, Pablo"]
[Result "0-1"]
[WhiteElo "1817"]
[BlackElo "2077"]
[PlyCount "86"]
[EventDate "2024.09.04"]
[EventType "swiss"]
[EventRounds "9"]
[EventCountry "ARG"]
[SourceTitle "EXT 2025"]
[Source "ChessBase"]
[SourceDate "2024.10.14"]
[SourceVersion "1"]
[SourceVersionDate "2024.10.14"]
[SourceQuality "1"]

1. d4 d5 2. c4 dxc4 3. e4 Nf6 4. e5 Nd5 5. Bxc4 Nb6 6. Bb3 Nc6 7. Nf3 Bf5 8. Nc3 e6 9. a3 Be7 10. h3 Qd7 11. Be3 Na5 12. Ba2 Nac4 13. Qe2 Nxe3 14. fxe3 c6 15. e4 Bg6 16. Rd1 0-0-0 17. d5 cxd5 18. exd5 exd5 19. Nxd5 Nxd5 20. Bxd5 Kb8 21. b4 Qc7 22. 0-0 Rd7 23. Kh1 Rhd8 24. Rc1 Qb6 25. Be4 Bh5 26. Bf5 Rc7 27. Rb1 Rc3 28. Rbd1 Qe3 29. Rxd8+ Bxd8 30. Qd1 Bc7 31. Qd7 a6 32. b5 Bxf3 33. Qe8+ Ka7 34. gxf3 Rc1 35. Rxc1 Qxc1+ 36. Kh2 Qf4+ 37. Kg2 Qxf5 38. bxa6 bxa6 39. Qc6 Qxe5 40. f4 Qxf4 41. Qc5+ Bb6 42. Qe7+ Qc7 43. Qe4 Qb7 0-1

[Event "Buenos Aires Tigre op"]
[Site "Buenos Aires"]
[Date "2024.09.05"]
[Round "2"]
[White "Garcia Lemos, Federico"]
[Black "Bulettini, Julian Tobias"]
[Result "1-0"]
[WhiteElo "2157"]
[BlackElo "1817"]
[PlyCount "103"]
[EventDate "2024.09.04"]
[EventType "swiss"]
[EventRounds "9"]
[EventCountry "ARG"]
[SourceTitle "EXT 2025"]
[Source "ChessBase"]
[SourceDate "2024.10.14"]
[SourceVersion "1"]
[SourceVersionDate "2024.10.14"]
[SourceQuality "1"]

1. Nf3 d5 2. d4 Nf6 3. c4 e6 4. Nc3 Be7 5. Bg5 b6 6. e3 0-0 7. Bd3 dxc4 8. Bxc4 Bb7 9. 0-0 Nbd7 10. Qe2 Nd5 11. Bxe7 Nxc3 12. bxc3 Qxe7 13. e4 c5 14. Rad1 cxd4 15. cxd4 Nf6 16. Bd3 Rac8 17. Rfe1 Rc7 18. Qe3 Rfc8 19. Qf4 Nh5 20. Qg4 g6 21. Ng5 h6 22. Nf3 Qa3 23. d5 exd5 24. e5 Rc1 25. e6 Rxd1 26. exf7+ Kf8 27. Rxd1 Rc1 28. Ne5 Nf6 29. Nxg6+ Kxf7 30. Ne5+ Kf8 31. Nd7+ Kf7 32. Qg6+ Ke7 33. Qxf6+ Kxd7 34. Bb5+ Kc8 35. Qf5+ Kb8 36. Qf4+ Rc7 37. Qxh6 a6 38. Bf1 Ka7 39. Qd2 Rg7 40. Qd4 Rg8 41. h4 Qe7 42. a4 a5 43. h5 Qg5 44. Rb1 Qh6 45. Rb5 Kb8 46. Qxb6 Qg7 47. Qd6+ Qc7 48. Rxb7+ Kxb7 49. Qxd5+ Ka7 50. Qxg8 Qc6 51. Qg7+ Kb8 52. h6 1-0